Detalles MARC
| 000 -LEADER |
| fixed length control field |
01411nam a22002777a 4500 |
| 003 - CONTROL NUMBER IDENTIFIER |
| control field |
DO-SdBNP |
| 005 - DATE AND TIME OF LATEST TRANSACTION |
| control field |
20220225113403.0 |
| 008 - FIXED-LENGTH DATA ELEMENTS--GENERAL INFORMATION |
| fixed length control field |
210427b ||||| |||| 00| 0 spa d |
| 020 ## - INTERNATIONAL STANDARD BOOK NUMBER |
| International Standard Book Number |
9789993469193 |
| 040 ## - CATALOGING SOURCE |
| Original cataloging agency |
BPMSU |
| Language of cataloging |
spa |
| Transcribing agency |
BPMSU |
| 082 ## - DEWEY DECIMAL CLASSIFICATION NUMBER |
| Classification number |
RD868.44 |
| Item number |
M671F |
| Edition number |
22 |
| 100 ## - MAIN ENTRY--PERSONAL NAME |
| Personal name |
Fornerín, Miguel Ángel |
| 245 13 - TITLE STATEMENT |
| Title |
La Escritura de Pedro Mir / |
| Statement of responsibility, etc. |
Miguel Ángel Fornerín |
| 260 ## - PUBLICATION, DISTRIBUTION, ETC. (IMPRINT) |
| Place of publication, distribution, etc. |
San Juan, Puerto Rico : |
| Name of publisher, distributor, etc. |
Centro de Estudios Avanzados de Puerto Rico y el Caribe, |
| Date of publication, distribution, etc. |
2014. |
| 300 ## - PHYSICAL DESCRIPTION |
| Extent |
348 p. ; |
| Dimensions |
22 cm. |
| 500 ## - GENERAL NOTE |
| General note |
Incluye datos biográficos del autor en la Solapa.de la cubierta |
| 500 ## - GENERAL NOTE |
| General note |
Incluye referencias bibliográficas y notas al pie de las páginas |
| 504 ## - BIBLIOGRAPHY, ETC. NOTE |
| Bibliography, etc |
Bibliográfica : p. 343 - 347 |
| 505 0# - FORMATTED CONTENTS NOTE |
| Formatted contents note |
Cronología de la vida de Pedro Mir Valentín --. Introducción: Mir en su tiempo, literatura y cultura en América Latina y el Caribe --. El sentido de la historia --. Narrativa e historicidad en la obra de Pedro Mir --. Poética histórica y poética política -- La tierra y la pluralidad latinoamericana --. La estética en la obra de Pedro Mir -- Hay un poeta en el mundo. |
| 590 ## - LOCAL NOTE (RLIN) |
| Local note |
inventariado, 2021 / MC |
| 600 14 - SUBJECT ADDED ENTRY--PERSONAL NAME |
| Personal name |
Mir, Pedro, |
| Dates associated with a name |
1913-2000 |
| General subdivision |
Crítica e interpretación. |
| 650 #4 - SUBJECT ADDED ENTRY--TOPICAL TERM |
| Topical term or geographic name as entry element |
Literatura dominicana. |
| 710 2# - ADDED ENTRY--CORPORATE NAME |
| Corporate name or jurisdiction name as entry element |
Centro de Estudios Avanzados de Puerto Rico y el Caribe. |
| 910 ## - USER-OPTION DATA (OCLC) |
| User-option data |
Mcabrera /VMateo V. |
| 942 ## - ADDED ENTRY ELEMENTS (KOHA) |
| Source of classification or shelving scheme |
Dewey Decimal Classification |
| Koha item type |
Libros |